Statystyki dla Zdjęcia satelitarne - stany USA

Kliknij tutaj aby rozwiązać quiz!

Ogólne statystyki

  • Ten quiz został rozwiązany 37 razy
  • Średni wynik to 7 z 18

Statystyki odpowiedzi

Odpowiedź% Poprawnych
Alaska
97%
Hawaje
91%
Floryda
88%
Michigan
82%
Arizona/Nevada
61%
Kalifornia
48%
Luizjana
36%
Massachusetts
30%
Nowy Jork
30%
Karolina Północna
27%
New Jersey
27%
Missouri
24%
Utah
24%
Teksas
21%
Illinois
18%
Waszyngton
15%
Rhode Island
12%
Wisconsin
12%

Rozkład punktacji

Percentyl według liczby udzielonych odpowiedzi

Procent ludzi z każdym wynikiem

Twoja historia wyników

Nie rozwiązałeś tego quizu